000 00976nac a22002897a 4500
001 BR6008234
003 BR-BrBNA
005 20240105113222.0
008 230509b bl.|||m| |||| 00| 0 por d
040 _aBR-BrBNA
_bpor
_cBiblioteca Nacional de Agricultura
072 _aK10
090 _a3140 BR6008234
100 1 _aFishwick, R.W.
110 1 _aProjeto de Desenvolvimento e Pesquisa Florestal, Brasilia, DF (Brasil)
_98062
245 1 _aInfluencia do espacamento inicial e praticas de desbastes na forma das arvores dos plantios de Pinus elliottii [Brasil]
260 3 _aBrasilia, DF (Brasil):
_c1976.
300 _a9 p.
490 _aComunicacao Tecnica - Projeto de Desenvolvimento e Pesquisa Florestal (Brazil)
_vno. 2
_x
500 _a6 tables
650 _aSILVICULTURA
650 _aPINHEIRO
650 _aESPACAMENTO
650 _aDESBASTE
650 _aPRATICA CULTURAL
909 _a202312
_bLúcia Elande
_c55
_dLúcia Elande
942 _2AGRIS
_n0
_cMS
999 _c262536
_d262536